Science Quiz

Random Science Quiz

Lepidoptera & Diptera Quiz Stats

Quiz not verified by Sporcle

Challenge
Share
Tweet
Embed
Score 0/22 Timer 10:00
0 Plays Today
Hint Answer % Correct
sphinx or hawkmothsSphingidae
81.8%
geometers or inchwormsGeometridae
77.3%
noctuidsNoctuidae
77.3%
brush-footed butterfliesNymphalidae
72.7%
swallowtailsPapilionidae
72.7%
whites, sulphurs, yellowsPieridae
72.7%
tiger, footman, lichen mothsArctiidae
59.1%
muscid fliesMuscidae
59.1%
crane fliesTipulidae
59.1%
blow/bottle fliesCalliphoridae
54.5%
flesh fliesSarcophagidae
54.5%
Hint Answer % Correct
flower/hover fliesSyrphidae
54.5%
deer fliesTabanidae
54.5%
midgesChironomidae
50%
mosquitoesCulicidae
50%
robber fliesAsilidae
45.5%
tachnid fliesTachnidae
45.5%
giant silkworm mothsSaturnidae
40.9%
milkweed butterfliesDanaidae
36.4%
bagwormsPsychidae
36.4%
ermine mothsYponomeutidae
31.8%
skippersLycaenidae
18.2%

You're not logged in!

Compare scores with friends on all Sporcle quizzes.
Sign Up with Email
OR
Log In

You Might Also Like...

Show Comments

Extras

Top Quizzes Today


Score Distribution

Your Account Isn't Verified!

In order to create a playlist on Sporcle, you need to verify the email address you used during registration. Go to your Sporcle Settings to finish the process.

Report this User

Report this user for behavior that violates our Community Guidelines.

Details: